00266 a2200121 4500001000700000020001500007040003500022100002000057240002800077245002300105300000700128362000900135156748 a8516014738 cEscola São Tomás de Aquino aBANDEIRA, Pedro10aO medo e a ternuralpor10aO medo e a ternura a880 a1996